00693cam a2200241 4500001001300000003000400013005001700017008004100034010002300075025002000098040002300118043001200141050001600153082001900169100004800188245004700236250001300283260005500296300002700351350001000378650004600388999001700434sa 68014321 DLC20260227112630.0700206s1968 ii 00110 eng  asa 68014321 //r933 aPL480:I-E-11134 aDLCcDLCdICUdDLC aa-ii---00aQK358b.P3300a582.13/0954/7910aPatel, R. I.q(Raojibhai Ishwardas),d1917-10aForest flora of Melghatc[by] R. I. Patel. a[1st ed.0 aDehradun,bBishen Singh Mahendra Pal Singh,c1968] axlviii, 380 p.c19 cm. a16.00 0aForest plantszIndiazMaharashtra (State) c85695d85695